00702cam a22002171 4500001001300000003000400013005001700017008004100034010001700075035001900092040002100111043001200132050002000144100007400164245011000238260004000348300002700388504003100415651002100446999001700467sa 65004537 DLC20260227112131.0780911s1959 pk a b 000 0 eng  asa 65004537  a(OCoLC)4213179 aDLCcNGenoUdDLC aa-tu---00aDR441b.E8 19591 aEversley, G. Shaw-Lefevreq(George Shaw-Lefevre),cBaron,d1832-1928.14aThe Turkish Empire,bits growth and decay,cby Lord Eversley. With additional chapters on modern Turkey. aLahore,bPremier Book Housec[1959] a489 p.billus.c22 cm. aBibliographical footnotes. 0aTurkeyxHistory. c63809d63809